书目信息 |
| 题名: |
上海分册
|
|
| 作者: | 本书编委会编 | |
| 分册: | ||
| 出版信息: | 北京 中国铁道出版社 2007.04 |
|
| 页数: | 90页 | |
| 开本: | 29cm | |
| 丛书名: | 中国铁路旅客服务手册 | |
| 单 册: | ||
| 中图分类: | U293.3-62 , K928.9 | |
| 科图分类: | ||
| 主题词: | 铁路运输--旅客运输--中国--手册 , 导游--中国 , 铁路运输 , 旅客运输 , 导游 | |
| 电子资源: | ||
| ISBN: | 7-113-06721-2 | |
| 000 | 00868nam0 2200313 450 | |
| 001 | 003075088 | |
| 005 | 20060329164000.0 | |
| 010 | @a7-113-06721-2@dCNY15.00 | |
| 100 | @a20060124d2007 em y0chiy0110 ea | |
| 101 | 0 | @achi |
| 102 | @aCN@b110000 | |
| 105 | @aa z 000yy | |
| 106 | @ar | |
| 200 | 1 | @a上海分册@Ashang hai fen ce@f本书编委会编 |
| 210 | @a北京@c中国铁道出版社@d2007.04 | |
| 215 | @a90页@c彩图@d29cm | |
| 225 | 2 | @a中国铁路旅客服务手册 |
| 330 | @a本册内容包括铁路服务、换乘时刻、城市采风、心情驿站、广告大观。 | |
| 410 | 0 | @12001 @a中国铁路旅客服务手册 |
| 606 | 0 | @a铁路运输@x旅客运输@y中国@j手册 |
| 606 | 0 | @a导游@y中国 |
| 606 | 0 | @a铁路运输 |
| 606 | 0 | @a旅客运输 |
| 606 | 0 | @a导游 |
| 690 | @aU293.3-62@v4 | |
| 690 | @aK928.9@v4 | |
| 801 | 0 | @aCN@bJiuFeng@c20060403 |
| 905 | @aBZT@dU293.3-62@e1@f10 | |
| 906 | @dCNY15.00@n0@r1 | |
| 上海分册/本书编委会编.-北京:中国铁道出版社,2007.04 |
| 90页:彩图;29cm.-(中国铁路旅客服务手册) |
| ISBN 7-113-06721-2:CNY15.00 |
| 本册内容包括铁路服务、换乘时刻、城市采风、心情驿站、广告大观。 |
| ● |
| 相关链接 |
|
|
|
正题名:上海分册
索取号:U293.3-62/1
 
预约/预借
| 序号 | 登录号 | 条形码 | 馆藏地/架位号 | 状态 | 备注 |
| 1 | 746130 | 2000746130 | 中心书库北库/ 北库040架A面4列7层4/ [索取号:U293.3-62/1] | 在馆 | |
| 2 | 746131 | 2000746131 | 中心书库北库/ 北库040架A面4列7层3/ [索取号:U293.3-62/1] | 在馆 | |
| 3 | 746132 | 2000746132 | 中心书库北库/ 北库040架A面4列7层20/ [索取号:U293.3-62/1] | 在馆 | |
| 4 | 746133 | 2000746133 | 中心书库北库/ 北库040架A面4列7层19/ [索取号:U293.3-62/1] | 在馆 | |
| 5 | 746134 | 2000746134 | 中心书库北库/ 北库040架A面4列7层24/ [索取号:U293.3-62/1] | 在馆 | |
| 6 | 746135 | 2000746135 | 中心书库北库/ 北库040架A面4列7层22/ [索取号:U293.3-62/1] | 在馆 | |
| 7 | 746136 | 2000746136 | 中心书库北库/ 北库040架A面4列7层21/ [索取号:U293.3-62/1] | 在馆 | |
| 8 | 746137 | 2000746137 | 中心书库北库/ 北库040架A面4列7层23/ [索取号:U293.3-62/1] | 在馆 | |
| 9 | 746138 | 2000746138 | 中心书库北库/ 北库040架A面4列7层25/ [索取号:U293.3-62/1] | 在馆 | |
| 10 | 746139 | 2000746139 | 中心书库北库/ 北库040架A面4列7层26/ [索取号:U293.3-62/1] | 在馆 |